| 000 | 01044cam a22002054a 4500 | ||
|---|---|---|---|
| 005 | 20250605164009.0 | ||
| 008 | 250528s ||||||||||||||||||||||||d | ||
| 035 | _a15905 | ||
| 020 | _a1841691186 | ||
| 040 |
_aGR-AtMCL _bgre _dGR-AtMCL _eAACR2 |
||
| 245 | 1 | _aSPSS for Windows Made Simple / Release 10: Also suitable for SPSS II | |
| 260 |
_bPsychology Press, _c2000 |
||
| 300 | _a380 | ||
| 520 | _aPreface, Choosing a Statistical Test, Windows Operations for SPSS, Data Handling in SPSS, Exploratory Data Analysis, More Graphs and Charts, Comparing Averages: Two Sample and One-Sample, The One-Factor Between Subjects Experiment, Factorial Experiments (Between Subjects), Within Subjects Experiments, Experiments of Mixed Design, Measuring Statistical Association, Regression, Multiway Frequency Analysis, Discriminant Analysis and Logistic Regression, Factor Analysis, Revision Exercises, References, Index. | ||
| 700 | 1 |
_aGray Colin D _91937 |
|
| 700 | 1 |
_aKinnear Paul R _91938 |
|
| 942 | _cBK | ||
| 999 |
_c1453 _d1453 |
||